Color and the computer /

Bibliographic Details
Other Authors: Durrett, H. John
Format: Book
Language:English
Published: Boston : Academic press, [1987]
Subjects:

MARC

Tag First Indicator Second Indicator Subfields
LEADER 00000cam a2200000 a 4500
001 in00000009480
005 20151007051613.0
008 860708s1987 mauaf b 00100 eng
010 |a  86017344  
020 |a 0122252101 (alk. paper) 
035 |a (OCoLC)13945833 
035 |9 AAA3848AM 
040 |a DLC  |c DLC  |d TXA  |d UtOrBLW 
049 |a TXAM  |c [A12637111] 
050 0 0 |a T385  |b .C548 1987 
082 0 |a 006.6  |2 19 
245 0 0 |a Color and the computer /  |c edited by H. John Durrett. 
264 1 |a Boston :  |b Academic press,  |c [1987] 
264 4 |c ©1987 
300 |a x, 299 pages, 32 unnumbered pages of plates :  |b illustrations (some color) ;  |c 27 cm. 
336 |a text  |b txt  |2 rdacontent 
337 |a unmediated  |b n  |2 rdamedia 
338 |a volume  |b nc  |2 rdacarrier 
504 |a Includes bibliographies and index. 
650 0 |a Color computer graphics. 
700 1 |a Durrett, H. John. 
999 |a MARS 
999 f f |s 8eebc153-e461-37ac-8334-f8dba40b1c8d  |i 37664bda-c96e-379c-b9c3-7c00c0f53130  |t 0 
952 f f |p ric  |a Texas A&M University  |b Rellis Campus  |c Joint Library Facility  |d Remote Storage  |t 0  |e T385 .C548 1987  |h Library of Congress classification  |i unmediated -- volume  |m A14812637111 
998 f f |a T385 .C548 1987  |t 0  |l Remote Storage